Estudio prc̀tico del ISR para personas morales 2015

Detalles Bibliográficos
Autor principal: Corral Moreno, Manuel
Formato: Libro
Lenguaje:español
Publicado: Mx̌ico Ediciones Fiscales ISEF 2015
Materias:
Acceso en línea:Acceso restringido

MARC

LEADER 00000nam a22000007a 4500
005 2015110500300.0
007 cr|||| ||u|
008 151105s2015 mx ||||| |||| 00||0 spa d
020 |a 978-368-726-912-0 
035 |a 12933 
040 |a vLex 
090 |c 5661  |d 5661 
100 1 |a Corral Moreno, Manuel 
245 1 0 |a Estudio prc̀tico del ISR para personas morales 2015  |h [Recurso electrn̤ico] /  |c Manuel Corral Moreno 
256 |a Servicio en ln̕ea 
260 |a Mx̌ico  |b Ediciones Fiscales ISEF  |c 2015 
300 |a 1 recurso electrn̤ico (Dčima Octava edicin̤ 336 pg̀inas) 
506 1 |a Contenido solo disponible en los productos indicados  |d vLex Global  |d vLex Global (Academic Edition, excluding Law Schools)  |d vLex Global (U.S. Academic Edition, Law Schools)  |d vLex Global (U.S. Academic Edition, excluding Law Schools)  |d vLex Global (Academic Edition, Law Schools) 
650 0 4 |a Ingresos fiscales  |z Mx̌ico 
740 0 |a vLex libros (servicio en ln̕ea) 
856 4 0 |u http://vlex.com/source/estudio-practico-isr-personas-morales-2015-12933  |z Acceso restringido 
942 |c BOOK 
999 0 |a Internal revenue